[Event "I Open Basso Veronese"]
[Site "Casaleone ITA"]
[Date "2008.11.23"]
[Round "5"]
[White "Valentini, Luca"]
[Black "Guerra, Alessandro"]
[Result "0-1"]
[WhiteElo "1918"]
[BlackElo "2195"]
[PlyCount "54"]
[EventDate "2008.11.15"]

1. d4 d6 2. Nf3 Nf6 3. Nbd2 Nc6 4. e4 e5 5. c3 Be7 6. h3 O-O 7. Bd3 Nh5 8. Nc4
exd4 9. Nxd4 g6 10. Bh6 Re8 11. g4 Nf6 12. Nxc6 bxc6 13. Qf3 Be6 14. O-O-O Nd7
15. Kb1 Rb8 16. Na5 Rb6 17. Be3 c5 18. Bc4 Bf6 19. Bxe6 Rxe6 20. Nc4 Rb8 21.
Bf4 Qc8 22. Rhe1 Qb7 23. g5 Bxg5 24. Re2 Bxf4 25. Qxf4 Qb5 26. Rxd6 cxd6 27.
Nxd6 Qd3+ 0-1

[Event "I Open Basso Veronese"]
[Site "Casaleone ITA"]
[Date "2008.11.23"]
[Round "5"]
[White "Zonta, Riccardo"]
[Black "Rondelli, Roberto"]
[Result "1-0"]
[WhiteElo "1527"]
[BlackElo "1488"]
[PlyCount "79"]
[EventDate "2008.11.15"]

1. e4 c5 2. Nc3 Nc6 3. Nge2 g6 4. d4 cxd4 5. Nxd4 Bg7 6. Nxc6 bxc6 7. Bd2 e6 8.
Bd3 Ne7 9. O-O O-O 10. Qe2 d5 11. Rad1 d4 12. Nb1 Qc7 13. b3 c5 14. Bc1 a5 15.
a4 Nc6 16. Ba3 Nb4 17. Bxb4 cxb4 18. f4 Bh6 19. Qf3 Bb7 20. Qg3 f5 21. e5 Rfd8
22. Bc4 Kf7 23. Nd2 Qe7 24. Nf3 Qc5 25. Kh1 Ba6 26. Qh4 Bxc4 27. Qxh6 Bxf1 28.
Ng5+ Ke8 29. Qxh7 Qe7 30. Qxg6+ Kd7 31. Rxf1 Rg8 32. Qh5 Rad8 33. Qe2 Qc5 34.
Qd3 Ke7 35. Rf3 Rc8 36. Rf2 Rc6 37. Nf3 Rd8 38. Rd2 Qc3 39. Nxd4 Qxd3 40. Nxc6+
1-0

[Event "I Open Basso Veronese"]
[Site "Casaleone ITA"]
[Date "2008.11.23"]
[Round "6"]
[White "Bonini, Roberto"]
[Black "Valentini, Luca"]
[Result "0-1"]
[WhiteElo "1843"]
[BlackElo "1918"]
[PlyCount "106"]
[EventDate "2008.11.15"]

1. d4 Nf6 2. Nf3 c5 3. e3 b6 4. Bd3 Bb7 5. Nbd2 d6 6. O-O g6 7. Re1 Nbd7 8. c3
Bg7 9. e4 e5 10. d5 a6 11. Nc4 Qc7 12. a4 O-O 13. Ne3 b5 14. c4 b4 15. b3 h6
16. Nh4 Qd8 17. g3 Bc8 18. Ra2 h5 19. f3 Nh7 20. Rf2 Ng5 21. Kg2 Bf6 22. Nf1
Nh7 23. Bh6 Re8 24. Be3 Bxh4 25. gxh4 Qxh4 26. Qd2 Ndf6 27. Ng3 Kf8 28. Kg1 Ke7
29. f4 Ng4 30. fxe5 Nxe5 31. Rf4 Qxf4 32. Bxf4 Nf3+ 33. Kg2 Nxd2 34. Bxd2 h4
35. Nh1 f6 36. Nf2 Bd7 37. h3 Kd8 38. Bf4 Kc7 39. Bc2 Re7 40. Nd3 Ng5 41. e5
dxe5 42. Bxg5 fxg5 43. Nxc5 Bf5 44. Be4 Kd6 45. Nd3 Bxe4+ 46. Rxe4 a5 47. Nf2
Rf8 48. Rg4 Rf4 49. Rxg5 e4 50. Rxg6+ Ke5 51. Ng4+ Kd4 52. Re6 Rxe6 53. dxe6
Rf8 0-1

[Event "I Open Basso Veronese"]
[Site "Casaleone ITA"]
[Date "2008.11.23"]
[Round "6"]
[White "Caldonazzo, Matteo"]
[Black "Andreeva, Arina"]
[Result "0-1"]
[WhiteElo "1782"]
[BlackElo "2001"]
[PlyCount "74"]
[EventDate "2008.11.15"]

1. d4 Nf6 2. c4 e6 3. Nc3 c5 4. e3 Be7 5. Nf3 O-O 6. Bd3 Nc6 7. O-O cxd4 8.
exd4 d5 9. Bg5 dxc4 10. Bxc4 Nd5 11. Bxe7 Ncxe7 12. Qb3 Nxc3 13. bxc3 b6 14.
Ne5 Bb7 15. Rfe1 Bd5 16. Bxd5 Qxd5 17. Rac1 Rfc8 18. Nd3 Rc7 19. Re5 Qd7 20.
Qb5 Qxb5 21. Rxb5 Rac8 22. Rb3 Nd5 23. Nb4 Rxc3 24. Rbxc3 Rxc3 25. Rxc3 Nxc3
26. Nc6 a5 27. a3 Nb5 28. Ne7+ Kf8 29. Nc8 Nxa3 30. Nxb6 Ke7 31. Kf1 Kd6 32.
Ke2 Kc6 33. Na4 Kb5 34. Nb2 Nc4 35. Nd3 a4 36. Kd1 Nb2+ 37. Nxb2 a3 0-1

[Event "I Open Basso Veronese"]
[Site "Casaleone ITA"]
[Date "2008.11.23"]
[Round "6"]
[White "Capata, Ion"]
[Black "Guerra, Alessandro"]
[Result "0-1"]
[WhiteElo "2136"]
[BlackElo "2195"]
[PlyCount "104"]
[EventDate "2008.11.15"]

1. e4 d6 2. d4 Nf6 3. Nc3 Nc6 4. Nf3 Bg4 5. Be2 e6 6. h3 Bh5 7. Bb5 a6 8. Ba4
Bxf3 9. Qxf3 Nd7 10. d5 exd5 11. Bxc6 bxc6 12. exd5 c5 13. Qg3 Qf6 14. O-O Be7
15. Re1 O-O 16. Re4 Rfb8 17. Rg4 Rb4 18. Ne4 Qe5 19. Bd2 Rxe4 20. Rxe4 Qxe4 21.
Re1 Qh4 22. Qb3 Rb8 23. Qd3 c4 24. Qf5 Nc5 25. Ba5 g6 26. Qf3 Rxb2 27. Bc3 Rxc2
28. g3 Qg5 29. h4 Qf5 30. Rxe7 f6 31. Qe3 Nd7 32. Qe6+ Qxe6 33. dxe6 Nc5 34.
Re8+ Kg7 35. Re7+ Kf8 36. Rf7+ Ke8 37. Bxf6 Nxe6 38. Re7+ Kf8 39. Rxh7 Rc1+ 40.
Kg2 c3 41. Re7 c2 42. Rxe6 Rg1+ 43. Kxg1 c1=Q+ 44. Kh2 Qd2 45. Re4 Qxf2+ 46.
Kh3 Qf5+ 47. Rg4 c5 48. Bc3 d5 49. Bg7+ Kxg7 50. h5 Kh6 51. hxg6 Kh5 52. g7
Qxg4+ 0-1

[Event "I Open Basso Veronese"]
[Site "Casaleone ITA"]
[Date "2008.11.23"]
[Round "6"]
[White "Della Sala, Bruno"]
[Black "De Grandi, Samuele"]
[Result "1-0"]
[WhiteElo "1560"]
[BlackElo "1440"]
[PlyCount "49"]
[EventDate "2008.11.15"]

1. d4 d6 2. c4 g6 3. e4 Bg7 4. Nc3 Nf6 5. Nf3 O-O 6. Be2 c5 7. d5 Bg4 8. O-O
Nbd7 9. h3 Bxf3 10. Bxf3 Ne5 11. Be2 a6 12. f4 Ned7 13. g4 Ne8 14. h4 Rb8 15.
h5 Qc7 16. hxg6 fxg6 17. Qd3 Rf7 18. Kg2 Nf8 19. g5 e5 20. Bg4 Kh8 21. Qh3 b5
22. Be6 Re7 23. f5 Nxe6 24. dxe6 Qb7 25. f6 1-0

[Event "I Open Basso Veronese"]
[Site "Casaleone ITA"]
[Date "2008.11.23"]
[Round "6"]
[White "Di Natale, Gianluca"]
[Black "Jimchi, Abdelaziz"]
[Result "0-1"]
[WhiteElo "1368"]
[BlackElo "1893"]
[PlyCount "64"]
[EventDate "2008.11.15"]

1. e4 d6 2. d4 Nf6 3. Nc3 c6 4. Nf3 Bg4 5. Be2 e6 6. h3 Bh5 7. O-O d5 8. exd5
cxd5 9. Bg5 Be7 10. Rc1 O-O 11. Qd2 Nc6 12. Rcd1 Rc8 13. Ne5 Bxe2 14. Nxc6 Rxc6
15. Qxe2 Qb6 16. Bc1 Bb4 17. Qe3 Rfc8 18. Bd2 Bxc3 19. Bxc3 Ne4 20. Rd3 Qc7 21.
Rb1 Qb6 22. Rbd1 Qc7 23. Rb1 b6 24. Qe2 Nxc3 25. bxc3 Rxc3 26. Rxc3 Qxc3 27.
Qa6 Qxc2 28. Rb2 Qc1+ 29. Kh2 h5 30. Rb3 h4 31. Qxa7 Qf4+ 32. g3 Qxf2+ 0-1

[Event "I Open Basso Veronese"]
[Site "Casaleone ITA"]
[Date "2008.11.23"]
[Round "6"]
[White "Faccia, Sergio"]
[Black "Ricci, Alfredo"]
[Result "0-1"]
[WhiteElo "2040"]
[BlackElo "2020"]
[PlyCount "82"]
[EventDate "2008.11.15"]

1. e4 c5 2. b4 b6 3. bxc5 bxc5 4. Nf3 Nc6 5. Bc4 Nf6 6. e5 Ng4 7. Bxf7+ Kxf7 8.
Ng5+ Kg8 9. Qxg4 Nxe5 10. Qe4 Nc6 11. Qf4 Qe8 12. Nc3 h6 13. Nge4 Nd4 14. O-O
d6 15. Rb1 g5 16. Qg3 Bf5 17. Re1 Qg6 18. d3 Rh7 19. Be3 Nxc2 20. Re2 Nxe3 21.
Qxe3 Bg7 22. Reb2 Bd4 23. Rb8+ Rxb8 24. Rxb8+ Kg7 25. Qf3 g4 26. Qe2 Qe6 27.
Nb5 Be5 28. Rb7 a6 29. Na7 c4 30. Nc6 cxd3 31. Qd2 Kg6 32. Nxe5+ Qxe5 33. Nc3
Rh8 34. Rb3 Rc8 35. f3 gxf3 36. gxf3 d5 37. Rb6+ e6 38. Rb3 Kh5 39. Kh1 d4 40.
Qd1 dxc3 41. f4+ Qe2 0-1

[Event "I Open Basso Veronese"]
[Site "Casaleone ITA"]
[Date "2008.11.23"]
[Round "6"]
[White "Gioga, Michele"]
[Black "Moscato, Riccardo"]
[Result "1-0"]
[WhiteElo "1392"]
[BlackElo "1434"]
[PlyCount "55"]
[EventDate "2008.11.15"]

1. e4 e5 2. Nf3 d6 3. d4 exd4 4. Nxd4 g6 5. Nc3 Ne7 6. Bc4 Nbc6 7. a3 Bg7 8.
Be3 Bd7 9. Qd2 f5 10. exf5 Bxf5 11. Nxf5 Nxf5 12. Bg5 Bf6 13. Bxf6 Qxf6 14.
O-O-O O-O-O 15. Rhe1 Rhe8 16. Nd5 Qg7 17. Nb4 Nfe7 18. Be6+ Kb8 19. Bh3 Nxb4
20. Qxb4 Nc6 21. Qb3 Rf8 22. Qe3 Qf7 23. f3 Rfe8 24. Qc3 Re5 25. Rxe5 dxe5 26.
Rxd8+ Nxd8 27. Qxe5 Nc6 28. Qh8+ 1-0

[Event "I Open Basso Veronese"]
[Site "Casaleone ITA"]
[Date "2008.11.23"]
[Round "6"]
[White "Marcori, Mirko"]
[Black "Cavalleri, Giuseppe"]
[Result "0-1"]
[WhiteElo "1911"]
[BlackElo "1676"]
[PlyCount "58"]
[EventDate "2008.11.15"]

1. d4 d5 2. Nf3 e6 3. e3 c5 4. c3 Nf6 5. Bd3 Nc6 6. Nbd2 Bd6 7. O-O O-O 8. b3
b6 9. Bb2 Bb7 10. c4 cxd4 11. exd4 Qe7 12. Rc1 Ba3 13. Bxa3 Qxa3 14. Bb1 Nb4
15. cxd5 Bxd5 16. Nc4 Bxc4 17. Rxc4 b5 18. Rc5 a6 19. Qd2 Rfd8 20. Ne5 Nd7 21.
Nxd7 Rxd7 22. Qe2 Rxd4 23. Bxh7+ Kxh7 24. Qf3 Nd5 25. Qxf7 Qxc5 26. Qxe6 Nf6
27. h3 Qd6 28. Qf5+ g6 29. Qf3 Rd8 0-1

[Event "I Open Basso Veronese"]
[Site "Casaleone ITA"]
[Date "2008.11.23"]
[Round "6"]
[White "Marino, Francesco V."]
[Black "Zonta, Riccardo"]
[Result "1/2-1/2"]
[WhiteElo "1686"]
[BlackElo "1527"]
[PlyCount "58"]
[EventDate "2008.11.15"]

1. c4 e5 2. Nc3 d6 3. g3 f5 4. Bg2 Nf6 5. d3 c6 6. Nf3 Be7 7. O-O h6 8. b4 O-O
9. Bb2 Qc7 10. a4 b6 11. Rc1 Bb7 12. Qb3 Kh8 13. Nh4 Kh7 14. Nxf5 Nh5 15. Be4
g6 16. Ne3 Nf6 17. Bg2 Nbd7 18. Qd1 Rf7 19. b5 c5 20. Ncd5 Nxd5 21. Nxd5 Qb8
22. Bc3 Nf6 23. Nxf6+ Bxf6 24. Bxb7 Qxb7 25. e4 Bg7 26. Bd2 Raf8 27. Be3 Qd7
28. Kg2 h5 29. h3 Bh6 1/2-1/2

[Event "I Open Basso Veronese"]
[Site "Casaleone ITA"]
[Date "2008.11.23"]
[Round "6"]
[White "Pomante, Sergio"]
[Black "Collato, Luca"]
[Result "1/2-1/2"]
[WhiteElo "1490"]
[BlackElo "1848"]
[PlyCount "27"]
[EventDate "2008.11.15"]

1. e4 c5 2. Nf3 Nc6 3. d4 cxd4 4. Nxd4 g6 5. Nc3 Bg7 6. Be3 Nf6 7. f3 Qb6 8.
Bb5 Nxe4 9. Bxc6 Nxc3 10. Bxd7+ Bxd7 11. bxc3 Qc5 12. Qd2 O-O 13. Rb1 Qc7 14.
O-O 1/2-1/2

[Event "I Open Basso Veronese"]
[Site "Casaleone ITA"]
[Date "2008.11.23"]
[Round "6"]
[White "Rondelli, Roberto"]
[Black "Turazza, Andrea"]
[Result "0-1"]
[WhiteElo "1488"]
[BlackElo "1659"]
[PlyCount "68"]
[EventDate "2008.11.15"]

1. Nf3 f5 2. d4 Nf6 3. c4 e6 4. Nc3 Be7 5. Bf4 d5 6. e3 O-O 7. Be2 c6 8. a3 Ne4
9. Nxe4 fxe4 10. Nd2 Nd7 11. O-O Qe8 12. Bh5 g6 13. Be2 Kh8 14. Bh6 Rg8 15. Qc2
g5 16. Qd1 Nf6 17. f4 exf3 18. Rxf3 Qg6 19. Rh3 e5 20. dxe5 Bxh3 21. exf6 Bxf6
22. gxh3 Qxh6 23. Bg4 Raf8 24. Qb3 Qg7 25. Nf3 dxc4 26. Qxc4 Qf7 27. Qe2 Re8
28. Nd2 Bxb2 29. Bh5 Qg7 30. Rb1 Rxe3 31. Qg4 Qd4 32. Qxd4+ Bxd4 33. Kg2 Rxa3
34. Nf3 Bb6 0-1

[Event "I Open Basso Veronese"]
[Site "Casaleone ITA"]
[Date "2008.11.23"]
[Round "6"]
[White "Tegani, Andrea"]
[Black "Del Colle, Raffaele"]
[Result "1/2-1/2"]
[WhiteElo "1398"]
[BlackElo "1617"]
[PlyCount "87"]
[EventDate "2008.11.15"]

1. c4 e6 2. Nc3 d5 3. cxd5 exd5 4. d4 c6 5. Nf3 Nf6 6. Bg5 Be7 7. e3 h6 8. Bxf6
Bxf6 9. Bd3 Bg4 10. h3 Be6 11. O-O g6 12. Rc1 O-O 13. Qc2 Bg7 14. Na4 Nd7 15.
Nc5 Nxc5 16. Qxc5 Re8 17. a3 Qe7 18. Qc3 Rac8 19. b4 a6 20. Qb2 Rc7 21. Rc3
Rec8 22. Rfc1 Qf6 23. Kh2 Bf5 24. Bxf5 Qxf5 25. a4 b6 26. b5 axb5 27. axb5 c5
28. Ra1 c4 29. Ra6 Qe6 30. Qa2 Bf8 31. Qa4 f6 32. Ne1 Qd6+ 33. g3 Qb4 34. Qxb4
Bxb4 35. Rc1 Bxe1 36. Rxe1 Rb8 37. Rc1 Kf7 38. f3 f5 39. g4 Kf6 40. Rc3 g5 41.
Kg3 Re7 42. Rca3 Rc7 43. Rc3 Re7 44. Rca3 1/2-1/2

[Event "I Open Basso Veronese"]
[Site "Casaleone ITA"]
[Date "2008.11.23"]
[Round "6"]
[White "Temporin, Alberto"]
[Black "De Paoli, Emilio"]
[Result "1-0"]
[WhiteElo "1892"]
[BlackElo "1608"]
[PlyCount "59"]
[EventDate "2008.11.15"]

1. e4 c5 2. Nf3 e6 3. Bc4 a6 4. a4 d5 5. exd5 exd5 6. Be2 d4 7. O-O Nf6 8. Bc4
Be7 9. d3 O-O 10. Bf4 Nc6 11. h3 Nh5 12. Bh2 g6 13. Nbd2 Bd6 14. Ne4 Bxh2+ 15.
Kxh2 Qc7+ 16. Kg1 Ne5 17. Nxe5 Qxe5 18. Re1 Nf4 19. Qf3 Rb8 20. Ng3 Qc7 21. Ne4
b5 22. axb5 axb5 23. Ba2 Kh8 24. Nf6 c4 25. Ne8 Qd8 26. Qxf4 Rb6 27. dxc4 Rxe8
28. Rxe8+ Qxe8 29. Qxd4+ f6 30. Qxb6 1-0

[Event "I Open Basso Veronese"]
[Site "Casaleone ITA"]
[Date "2008.11.23"]
[Round "6"]
[White "Vicentini, Giovanni"]
[Black "Bertani, Gianfranco"]
[Result "0-1"]
[WhiteElo "1533"]
[BlackElo "2106"]
[PlyCount "28"]
[EventDate "2008.11.15"]

1. d4 f5 2. c4 Nf6 3. Nc3 e6 4. Nf3 d5 5. e3 c6 6. Bd2 Bd6 7. c5 Bc7 8. b4 a6
9. a4 Nbd7 10. Be2 O-O 11. b5 Ne4 12. b6 Bb8 13. Ng1 e5 14. f3 Qh4+ 0-1

[Event "I Open Basso Veronese"]
[Site "Casaleone ITA"]
[Date "2008.11.23"]
[Round "6"]
[White "Zanchetta, Nicola"]
[Black "Negro, Raffaele"]
[Result "0-1"]
[WhiteElo "1752"]
[BlackElo "1824"]
[PlyCount "70"]
[EventDate "2008.11.15"]

1. d4 d6 2. c4 e5 3. dxe5 dxe5 4. Qxd8+ Kxd8 5. Nc3 Be6 6. b3 Nd7 7. Bb2 c6 8.
O-O-O Kc7 9. g3 f6 10. Bh3 Bxh3 11. Nxh3 Nh6 12. f3 Nf5 13. e4 Nd4 14. Ng1 a5
15. Kb1 Nc5 16. Nce2 Nxe2 17. Nxe2 a4 18. b4 a3 19. bxc5 axb2 20. Kxb2 Bxc5 21.
Rd3 Ra4 22. Rhd1 Re8 23. Rd7+ Kb6 24. Rb1 Rxc4 25. Ka1+ Bb4 26. Rb3 c5 27. Kb2
Kc6 28. Rxg7 Rd8 29. Rxh7 Rd2+ 30. Kb1 Rxe2 31. Rd3 Re1+ 32. Kb2 Rec1 33. Rh6
R4c2+ 34. Kb3 Kb5 35. Rd5 Rc3+ 0-1

[Event "XI Weekend A"]
[Site "Porto Sant'Elpidio ITA"]
[Date "2008.11.22"]
[Round "1"]
[White "Balzano, Aldo"]
[Black "Iaconi, Andrea"]
[Result "1-0"]
[WhiteElo "1802"]
[BlackElo "1871"]
[PlyCount "69"]
[EventDate "2008.11.22"]

1. d4 d5 2. c4 e6 3. Nc3 Nf6 4. cxd5 exd5 5. Bg5 Be7 6. e3 O-O 7. Qc2 c6 8. Bd3
h6 9. Bh4 Nbd7 10. Nf3 Nb6 11. O-O Bg4 12. Ne5 Nbd7 13. Nxg4 Nxg4 14. Bg3 Ngf6
15. h3 Nb6 16. Rab1 Bd6 17. Bxd6 Qxd6 18. b4 a6 19. a4 Nc4 20. Bxc4 dxc4 21. a5
b5 22. axb6 Rfb8 23. Na4 Nd5 24. Qxc4 Nxb6 25. Nxb6 Rxb6 26. Qc5 Qb8 27. d5
cxd5 28. Qxd5 Rd6 29. Qf3 Rb6 30. Rfd1 Ra7 31. Rd4 Kh7 32. Rbd1 Rab7 33. Qe4+
g6 34. Rd8 Qc7 35. Qe8 1-0

[Event "XI Weekend A"]
[Site "Porto Sant'Elpidio ITA"]
[Date "2008.11.22"]
[Round "1"]
[White "Briffault, Philippe"]
[Black "Santarelli, Enrico"]
[Result "1-0"]
[WhiteElo "1933"]
[BlackElo "1803"]
[PlyCount "94"]
[EventDate "2008.11.22"]

1. d4 g6 2. c4 Bg7 3. Nc3 d6 4. Nf3 Nd7 5. g3 b6 6. Bg2 Bb7 7. O-O e6 8. e4 Ne7
9. Re1 a6 10. Bf4 e5 11. Bg5 h6 12. Be3 O-O 13. Qb3 Rb8 14. Rad1 Qe8 15. Nd5
Nxd5 16. cxd5 Qe7 17. Rc1 Rfc8 18. Bh3 c5 19. dxe5 dxe5 20. a4 Ba8 21. Nh4 Kh7
22. f4 f6 23. Nxg6 Qd6 24. Bf5 Kg8 25. Be6+ Kh7 26. f5 Rc7 27. Qd3 a5 28. g4
Bb7 29. Bd2 Nf8 30. Nh4 Nxe6 31. fxe6 Rd8 32. Nf5 Qxe6 33. Qh3 Qf7 34. Bxh6
Bxh6 35. Qxh6+ Kg8 36. Rc3 Rf8 37. Rh3 Qh7 38. Qe3 Qg6 39. d6 Rd7 40. Ne7+ Rxe7
41. dxe7 Re8 42. Qb3+ Kg7 43. Qe6 Bc8 44. Qxb6 Bxg4 45. Rg3 Rh8 46. Qxc5 Qh6
47. Rxg4+ Kf7 1-0

[Event "XI Weekend A"]
[Site "Porto Sant'Elpidio ITA"]
[Date "2008.11.22"]
[Round "1"]
[White "Giobbi, Costantino"]
[Black "Ragnini, Damiano"]
[Result "1-0"]
[WhiteElo "1982"]
[BlackElo "1834"]
[PlyCount "79"]
[EventDate "2008.11.22"]

1. d4 d5 2. c4 c6 3. Nf3 Nf6 4. Qc2 e6 5. e3 Bb4+ 6. Bd2 Bxd2+ 7. Nbxd2 O-O 8.
Bd3 h6 9. O-O dxc4 10. Nxc4 Na6 11. a3 Nc7 12. e4 Qe7 13. Rfe1 Rd8 14. Rac1 Nb5
15. e5 Nd5 16. Qd2 Ndc7 17. a4 Nxd4 18. Nxd4 Rxd4 19. Bh7+ Kxh7 20. Qxd4 Nd5
21. Nd6 Kg8 22. a5 Qg5 23. g3 Qd8 24. a6 bxa6 25. Rxc6 Bd7 26. Rxa6 Qb8 27.
Rea1 f5 28. Rxa7 Rxa7 29. Rxa7 Bc6 30. Ra1 Qb3 31. Ra6 Qc2 32. Qc4 Qd1+ 33. Qf1
Qc2 34. Rxc6 Qxc6 35. Qc4 Qb6 36. Qc8+ Kh7 37. Qxe6 Nb4 38. Qxf5+ Kg8 39. Qf7+
Kh7 40. Ne8 1-0

[Event "XI Weekend A"]
[Site "Porto Sant'Elpidio ITA"]
[Date "2008.11.22"]
[Round "1"]
[White "Giri, Giovanni"]
[Black "Marozzi, Giovanni"]
[Result "1/2-1/2"]
[WhiteElo "1836"]
[BlackElo "2015"]
[PlyCount "64"]
[EventDate "2008.11.22"]

1. e4 e5 2. Nf3 Nf6 3. Nxe5 d6 4. Nf3 Nxe4 5. d4 d5 6. Bd3 Bd6 7. O-O O-O 8. c4
c6 9. cxd5 cxd5 10. Nc3 Nxc3 11. bxc3 Nd7 12. Re1 Nf6 13. h3 h6 14. Bd2 Re8 15.
Qc2 Be6 16. Rab1 Qc7 17. Re2 a6 18. a4 Rab8 19. Rbe1 Bf4 20. Bxf4 Qxf4 21. Ne5
h5 22. Re3 Qh6 23. a5 g5 24. Bf5 Nh7 25. Nd7 Bxd7 26. Bxd7 Rxe3 27. Rxe3 Nf6
28. Bf5 Re8 29. Qe2 Qf8 30. Re5 Rxe5 31. Qxe5 Qa3 32. Qxf6 Qc1+ 1/2-1/2

[Event "XI Weekend A"]
[Site "Porto Sant'Elpidio ITA"]
[Date "2008.11.22"]
[Round "1"]
[White "Luciani, Valerio"]
[Black "Perogio, Lorenzo"]
[Result "1-0"]
[WhiteElo "2212"]
[BlackElo "1857"]
[PlyCount "109"]
[EventDate "2008.11.22"]

1. d4 d6 2. c4 Nf6 3. Nc3 g6 4. Nf3 Bg7 5. g3 O-O 6. Bg2 c6 7. O-O Nbd7 8. e4
e5 9. h3 Nh5 10. Be3 Qe8 11. d5 c5 12. Nb5 Qe7 13. Bg5 Bf6 14. Bd2 a6 15. Nc3
Bg7 16. Nh2 Nb6 17. b3 Qe8 18. Qc2 Bd7 19. a4 Nc8 20. Ng4 f5 21. exf5 gxf5 22.
Nh2 b6 23. Rae1 Qd8 24. Qd1 Nf6 25. f4 e4 26. g4 Ra7 27. Kh1 Be8 28. gxf5 Nh5
29. Qg4 Kh8 30. Nxe4 Ne7 31. f6 Nxf6 32. Nxf6 Bxf6 33. Nf3 Bd7 34. Qg3 Nf5 35.
Qf2 Bc8 36. Rg1 Rg7 37. Bc1 Rfg8 38. Bb2 h6 39. Kh2 Ng3 40. Bf1 Bf5 41. Rxg3
Rxg3 42. Ng5 R3xg5 43. fxg5 Rxg5 44. Bd3 Bxb2 45. Qxb2+ Kh7 46. Qc2 Qf6 47. Re6
Bxd3 48. Qxd3+ Qf5 49. Qxf5+ Rxf5 50. Rxd6 b5 51. axb5 axb5 52. Rc6 Rf3 53.
Rxc5 b4 54. d6 Rxb3 55. d7 1-0

[Event "XI Weekend A"]
[Site "Porto Sant'Elpidio ITA"]
[Date "2008.11.22"]
[Round "1"]
[White "Marconi, Gabriele"]
[Black "Fratini, Mauro"]
[Result "0-1"]
[WhiteElo "1832"]
[BlackElo "1940"]
[PlyCount "122"]
[EventDate "2008.11.22"]

1. d4 Nf6 2. e3 d5 3. Nf3 Bf5 4. Nbd2 e6 5. b3 Nbd7 6. Bb2 Bd6 7. Rc1 O-O 8. h3
h6 9. c4 c6 10. Be2 Re8 11. O-O a5 12. Nh4 Bh7 13. Bh5 Nxh5 14. Qxh5 Nf6 15.
Qe2 Bb4 16. Nhf3 Qe7 17. Ne5 Ba3 18. Bxa3 Qxa3 19. Ndf3 a4 20. Nd3 axb3 21.
axb3 dxc4 22. Rxc4 Qxb3 23. Nfe5 Ra2 24. Rb4 Qa3 25. Rb2 Rxb2 26. Qxb2 Qxb2 27.
Nxb2 Nd5 28. Nbc4 Ra8 29. Nd6 f6 30. Nec4 b5 31. Nd2 Ra2 32. Nb3 Nc3 33. Ra1
Rxa1+ 34. Nxa1 Ne4 35. Nxe4 Bxe4 36. Nb3 Kf7 37. f3 Bc2 38. Na5 b4 39. Kf2 b3
40. Nc4 Ke7 41. Ke2 e5 42. dxe5 fxe5 43. Kd2 e4 44. f4 Ke6 45. Kc3 Bd3 46. Kxb3
Bf1 47. Ne5 Bxg2 48. Nxc6 Bxh3 49. Nd4+ Kf6 50. Kc3 g5 51. fxg5+ Kxg5 52. Kd2
Kg4 53. Ke1 Kg3 54. Ne2+ Kf3 55. Ng1+ Kg2 56. Nxh3 Kxh3 57. Kf2 Kg4 58. Kg2 h5
59. Kf2 Kh3 60. Kf1 Kg3 61. Ke2 Kg2 0-1

[Event "XI Weekend A"]
[Site "Porto Sant'Elpidio ITA"]
[Date "2008.11.22"]
[Round "1"]
[White "Rinaudo, Andrea"]
[Black "Mircoli, Filippo"]
[Result "1-0"]
[WhiteElo "2118"]
[BlackElo "1846"]
[PlyCount "30"]
[EventDate "2008.11.22"]

1. e4 c5 2. Nf3 e6 3. d4 cxd4 4. Nxd4 a6 5. Bd3 Nc6 6. Nxc6 bxc6 7. O-O Qc7 8.
Be3 d5 9. c4 Nf6 10. exd5 cxd5 11. Nd2 Bd6 12. h3 O-O 13. Rc1 dxc4 14. Nxc4 Bb7
15. Nxd6 Qxd6 1-0

[Event "XI Weekend A"]
[Site "Porto Sant'Elpidio ITA"]
[Date "2008.11.22"]
[Round "1"]
[White "Spano' Cuomo, Gaetano"]
[Black "Rinaudo, Sergio"]
[Result "0-1"]
[WhiteElo "1852"]
[BlackElo "2130"]
[PlyCount "56"]
[EventDate "2008.11.22"]

1. d4 d5 2. e3 Nf6 3. Nf3 Bg4 4. c3 e6 5. Nbd2 Bd6 6. Qc2 Nbd7 7. Bd3 O-O 8. h3
Bh5 9. O-O Qe7 10. b3 e5 11. Bf5 e4 12. Nh2 Be2 13. Re1 Bd3 14. Qd1 g6 15. Bxd7
Nxd7 16. Ndf1 f5 17. f4 g5 18. Qh5 gxf4 19. exf4 Qe6 20. Nf3 c5 21. Ne5 cxd4
22. cxd4 Nxe5 23. fxe5 Bb4 24. Bh6 Bxe1 25. Bxf8 Bc3 26. Rc1 Bxd4+ 27. Kh1 Rxf8
28. Rc7 Qg6 0-1

[Event "XI Weekend A"]
[Site "Porto Sant'Elpidio ITA"]
[Date "2008.11.23"]
[Round "2"]
[White "Balzano, Aldo"]
[Black "Giobbi, Costantino"]
[Result "0-1"]
[WhiteElo "1802"]
[BlackElo "1982"]
[PlyCount "92"]
[EventDate "2008.11.22"]

1. d4 e6 2. c4 f5 3. g3 Nf6 4. Bg2 Be7 5. Nf3 O-O 6. O-O c6 7. Nbd2 d5 8. b3
Bd7 9. Ne5 Be8 10. Ndf3 Bh5 11. Bb2 Nbd7 12. Ng5 Bf7 13. Nexf7 Rxf7 14. Nxf7
Kxf7 15. cxd5 exd5 16. Re1 Qc7 17. Rc1 Bd6 18. Qd3 g6 19. Rc2 h5 20. e3 h4 21.
Rf1 Rh8 22. Bf3 Nf8 23. Qd1 Ne6 24. Bc3 Ng5 25. Be1 Kf8 26. b4 Nh3+ 27. Kg2
hxg3 28. fxg3 Qh7 29. Rh1 a6 30. a4 g5 31. Qd3 g4 32. Bd1 Ng5 33. Qf1 f4 34.
gxf4 Qe4+ 35. Kf2 g3+ 36. Kxg3 Rh3+ 37. Kf2 Rf3+ 38. Bxf3 Qxf3+ 39. Kg1 Nh3+
40. Qxh3 Qxh3 41. Bg3 Bxb4 42. Kf2 Qf5 43. Rhc1 Qe4 44. h3 Qd3 45. Bh4 Ne4+ 46.
Kf3 Bd2 0-1

[Event "XI Weekend A"]
[Site "Porto Sant'Elpidio ITA"]
[Date "2008.11.23"]
[Round "2"]
[White "Binci, Filippo"]
[Black "Rinaudo, Andrea"]
[Result "0-1"]
[WhiteElo "1861"]
[BlackElo "2118"]
[PlyCount "98"]
[EventDate "2008.11.22"]

1. c4 e5 2. g3 g6 3. Bg2 Bg7 4. Nc3 d6 5. e4 Nc6 6. Nge2 Nge7 7. O-O O-O 8. d3
Be6 9. h3 Qd7 10. Kh2 f5 11. f4 Rae8 12. Be3 b6 13. Rb1 Nd4 14. Qd2 c6 15. b3
Nxe2 16. Nxe2 d5 17. fxe5 dxe4 18. dxe4 Qxd2 19. Bxd2 Bxe5 20. Rbd1 fxe4 21.
Bxe4 c5 22. Bg5 Nf5 23. Bf4 Bxf4 24. Rxf4 Ne3 25. Rd3 Nf5 26. Ng1 g5 27. Rf2
Nd4 28. Rxf8+ Rxf8 29. Nf3 Nxf3+ 30. Rxf3 Rxf3 31. Bxf3 Bf5 32. Be2 a5 33. Bd1
Kf7 34. h4 gxh4 35. gxh4 Kf6 36. Kg3 Ke5 37. h5 h6 38. Kf3 Bb1 39. Ke3 Bxa2 40.
Bc2 a4 41. bxa4 Bxc4 42. Bd1 Kf5 43. Bc2+ Kg5 44. Bd1 Bf7 45. Kd3 Bxh5 46. Bxh5
Kxh5 47. Kc4 Kg5 48. Kb5 h5 49. Kxb6 h4 0-1

[Event "XI Weekend A"]
[Site "Porto Sant'Elpidio ITA"]
[Date "2008.11.23"]
[Round "2"]
[White "Fratini, Mauro"]
[Black "Luciani, Valerio"]
[Result "1-0"]
[WhiteElo "1940"]
[BlackElo "2212"]
[PlyCount "57"]
[EventDate "2008.11.22"]

1. d4 d5 2. Bf4 Nf6 3. e3 g6 4. h3 Bg7 5. Be2 O-O 6. Nf3 c5 7. c3 Nc6 8. Nbd2
c4 9. a4 Re8 10. O-O h6 11. b3 cxb3 12. Qxb3 Na5 13. Qb2 Bd7 14. Ne5 Be6 15.
Bb5 Rf8 16. Bd3 g5 17. Bh2 Nd7 18. Nxd7 Bxd7 19. c4 Bc6 20. c5 a6 21. f4 Rc8
22. fxg5 hxg5 23. Nf3 Bf6 24. Qe2 e6 25. Ne5 Bg7 26. Rxf7 Rxf7 27. Nxf7 Kxf7
28. Qh5+ Ke7 29. Bd6+ 1-0

[Event "XI Weekend A"]
[Site "Porto Sant'Elpidio ITA"]
[Date "2008.11.23"]
[Round "2"]
[White "Mircoli, Filippo"]
[Black "Iaconi, Andrea"]
[Result "1/2-1/2"]
[WhiteElo "1846"]
[BlackElo "1871"]
[PlyCount "54"]
[EventDate "2008.11.22"]

1. e4 e5 2. Nf3 Nf6 3. Nc3 Nc6 4. Bb5 d6 5. d4 Bd7 6. Bg5 Be7 7. d5 Nb8 8. Bd3
O-O 9. O-O Bg4 10. h3 Bh5 11. g4 Bg6 12. Nd2 h6 13. Be3 Nbd7 14. f4 exf4 15.
Bxf4 Ne5 16. Nf3 Nxf3+ 17. Qxf3 Nd7 18. Rae1 Bf6 19. Re2 Ne5 20. Qg3 a6 21. Nd1
Re8 22. Ne3 b5 23. Nf5 Kh7 24. Rg2 Bxf5 25. gxf5 Rg8 26. Be2 Qe7 27. Qe3 Nd7
1/2-1/2